| 000 | 00395nam a22001577a 4500 | ||
|---|---|---|---|
| 999 |
_c5821 _d5819 |
||
| 005 | 20210828133131.0 | ||
| 008 | 190427b xxu||||| |||| 00| 0 eng d | ||
| 020 | _a978-81-85790-23-7 | ||
| 041 | _aeng | ||
| 100 |
_aYADAV, DR.A.V. _94943 |
||
| 245 | _aA TEXTBOOK OF PHARMACOLOGY AND TOXICOLOGY | ||
| 250 | _a15 Ed., 2019 | ||
| 260 |
_aPUNE _bNIRALI PRAKASHAN |
||
| 300 | _aA.32 p, | ||
| 942 | _cBK | ||